LEADER 00814nam0-22002891i-450- 001 990000111440403321 035 $a000011144 035 $aFED01000011144 035 $a(Aleph)000011144FED01 035 $a000011144 100 $a20011111d--------km-y0itay50------ba 101 0 $aita 105 $ay-------001yy 200 1 $a<>previsione delle piene del Po$fmemoria di Carlo Valentini. 210 $aRoma$cTipografia del genio civile$d1903 215 $a90 p., 9 tav.$cill.$d27 cm 610 0 $aPo $aPiene 676 $a551.483 700 1$aValentini,$bCarlo$05886 801 0$aIT$bUNINA$gRICA$2UNIMARC 901 $aBK 912 $a990000111440403321 952 $a13 E 57 02$b386$fFINBC 959 $aFINBC 996 $aPrevisione delle piene del Po$9114956 997 $aUNINA DB $aING01 LEADER 01058nam1 2200277 450 001 000035284 005 20180703113800.0 100 $a20131105d--------km-y0itaa50------ba 101 0 $aita 102 $aIT 200 1 $aConsorzio di bonifica Punta delle Castella, Capo Colonna 210 $aCatanzaro$c[S.n.] 215 $aVolumi$d29 cm. 300 $aIn testa al frontespizio: Consorzi di bonifica raggruppati della Provincia di Catanzaro 463 \1$1001000035285$12001 $aPiano generale di bonifica 606 1 $aBonifica agraria$yItalia meridionale 676 $a333.73153$v(22. ed.)$9Economia delle risorse naturali ed energia. Terra. Bonifica, ricupero, ripristino 801 0$aIT$bUniversità della Basilicata - B.I.A.$gREICAT$2unimarc 912 $a000035284 996 $aConsorzio di bonifica Punta delle Castella, Capo Colonna$997135 997 $aUNIBAS CAT $aSTD093$b01$c20131105$lBAS01$h1157 CAT $aTTM$b30$c20131111$lBAS01$h1026 CAT $aTTM$b30$c20140131$lBAS01$h1039 CAT $aATR$b20$c20180703$lBAS01$h1138 FMT